00374nam a2200145Ia 450000500170000000800410001702000150005808200130007310000210008624500300010726000480013730000180018565000130020365000120021620250131023749.0240331s9999 xx 000 0 und d a8120609468 bCODa954 aCodrington, H.W. 2aA short history of Ceylon aNew DelhibAsian Educational Servicesc1929 axxi, 202 p ., aBuddhism aSociety